Материалы к совещанию. Вып. 1 (Запись № 9143605)
[ простой вид ]
| 000 -МАРКЕР | |
|---|---|
| контрольное поле | 02123nam2a22002531 4500 |
| 001 - ИДЕНТИФИКАТОР ЗАПИСИ | |
| контрольное поле | rc\4621913 |
| 005 - ИДЕНТИФИКАТОР ВЕРСИИ | |
| контрольное поле | 20250612133341.0 |
| 021 ## - НОМЕР ГОСУДАРСТВЕННОЙ РЕГИСТРАЦИИ | |
| Код страны | Российская Федерация |
| Номер | [61-20935] |
| 035 ## - ДРУГИЕ СИСТЕМНЫЕ НОМЕРА | |
| Идентификатор записи | (NLR Aleph) 008675017 |
| 100 ## - ДАННЫЕ ОБЩЕЙ ОБРАБОТКИ | |
| Данные общей обработки | 20130416d1961 |||y0rusy50 ca |
| 101 0# - ЯЗЫК РЕСУРСА | |
| Язык текста, звукозаписи и т.д. | русский |
| 102 ## - СТРАНА ПУБЛИКАЦИИ ИЛИ ПРОИЗВОДСТВА | |
| Страна публикации | Российская Федерация |
| 105 ## - ПОЛЕ КОДИРОВАННЫХ ДАННЫХ: ТЕКСТОВЫЕ МАТЕРИАЛЫ, МОНОГРАФИЧЕСКИЕ | |
| Кодированные данные о монографическом текстовом документе | a z ||||| |
| 200 0# - ЗАГЛАВИЕ И СВЕДЕНИЯ ОБ ОТВЕТСТВЕННОСТИ | |
| Основное заглавие | Вып. 1 |
| 210 ## - ПУБЛИКАЦИЯ, РАСПРОСТРАНЕНИЕ И ДР. | |
| Дата издания, распространения и т.д. | 1961 |
| Место издания, распространения и т.д. | Б. м. |
| 215 ## - ФИЗИЧЕСКАЯ ХАРАКТЕРИСТИКА | |
| Специфическое обозначение материала и объем | 25 с. |
| Другие сведения о физической характеристике | черт. |
| 320 ## - ПРИМЕЧАНИЯ О НАЛИЧИИ В ДОКУМЕНТЕ БИБЛИОГРАФИИ / УКАЗАТЕЛЯ | |
| Текст примечания | Библиогр. в конце книги |
| 461 #0 - УРОВЕНЬ НАБОРА | |
| Встроенное поле | 001rc\4621912 |
| -- | 2001#$aМатериалы к совещанию$eВып. 1-$fГос. науч.-техн. ком. Совета Министров СССР. Гос. науч.-техн. ком. Совета Министров УССР. Киевское правл. Науч.-техн. о-ва энергопром-сти. Выставка передового опыта в нар. хозяйстве УССР. Науч.-техн. совещание по вопросам перевода на повышенное напряжение электр. сетей и потребителей электроэнергии$vВып. 1 |
| Системный номер (АБИС) связанной записи | 9143599 |
| Автор | Научно-техническое совещание по вопросам перевода на повышенное напряжение электрических сетей и потребителей электроэнергии (1961 ; Киев) |
| Место публикации | Киев |
| Дата публикации | 1961 |
| Первые сведения об ответственности | Гос. науч.-техн. ком. Совета Министров СССР. Гос. науч.-техн. ком. Совета Министров УССР. Киевское правл. Науч.-техн. о-ва энергопром-сти. Выставка передового опыта в нар. хозяйстве УССР. Науч.-техн. совещание по вопросам перевода на повышенное напряжение электр. сетей и потребителей электроэнергии |
| Имя издателя, распространителя и т.д. | Б. и. |
| Сведения, относящиеся к заглавию | Вып. 1- |
| Заглавие | Материалы к совещанию |
| Номер тома | Вып. 1 |
| 801 #0 - ИСТОЧНИК ЗАПИСИ | |
| Страна | Российская Федерация |
| Организация | NLR |
| Правила каталогизации | psbo |
| 801 #1 - ИСТОЧНИК ЗАПИСИ | |
| Страна | Российская Федерация |
| Организация | ELAR |
| Источник данных | rusmarc |
| 852 ## - МЕСТОНАХОЖДЕНИЕ И ШИФР ХРАНЕНИЯ | |
| Идентификатор организации | NLR |
| Шифр хранения (Call Number) | 61-4/4815 |
| 942 ## - ДОПОЛНИТЕЛЬНЫЕ ЭЛЕМЕНТЫ ЗАПИСИ (АБИС) | |
| Тип экземпляра АБИС | Книга |
| 980 ## - КОЛЛЕКЦИЯ | |
| Название коллекции | Национальная библиография |
| Тип экземпляра | Дата поступления | Библиотека постоянного хранения | Библиотека текущего хранения | Место хранения | Шифр хранения | Штрих-код | Статус экземпляра |
|---|---|---|---|---|---|---|---|
| Книга | 26.10.2013 | РНБ (Московский) | РНБ (Московский) | Русский книжный фонд: издания с 1957 года | 61-4/4815 | 8675017-10 |